UBT Library

Conduct disorders in childhood and adolescence / (Record no. 47095)

000 -LEADER
fixed length control field 00644cam a2200241 a 4500
001 - CONTROL NUMBER
control field 515218
005 - DATE AND TIME OF LATEST TRANSACTION
control field 20180814045721.0
008 - FIXED-LENGTH DATA ELEMENTS--GENERAL INFORMATION
fixed length control field 860116s1987 caua b 001 0 eng c
010 ## - LIBRARY OF CONGRESS CONTROL NUMBER
LC control number 86001818
020 ## - INTERNATIONAL STANDARD BOOK NUMBER
International Standard Book Number 0803927509
020 ## - INTERNATIONAL STANDARD BOOK NUMBER
International Standard Book Number 0803927517 (pbk.)
040 ## - CATALOGING SOURCE
Original cataloging agency DNLM/DLC
Transcribing agency DLC
Modifying agency DLC
041 ## - LANGUAGE CODE
Language code of text/sound track or separate title eng
060 ## - NATIONAL LIBRARY OF MEDICINE CALL NUMBER
Classification number W1 DE997NC v. 9
-- WS 350.6 K23c
080 ## - UNIVERSAL DECIMAL CLASSIFICATION NUMBER
Universal Decimal Classification number 618.928
082 00 - DEWEY DECIMAL CLASSIFICATION NUMBER
Classification number 618.928
Edition number 19
100 1# - Rafti
Rafti 48
101 ## - Shkurtesa
Shkurtesa PSI
245 10 - TITLE STATEMENT
Title Conduct disorders in childhood and adolescence /
Statement of responsibility, etc Alan E. Kazdin.
504 ## - BIBLIOGRAPHY, ETC. NOTE
Bibliography, etc Bibliography: p. 136-150.
906 ## - LOCAL DATA ELEMENT F, LDF (RLIN)
a 7
b cbc
c orignew
d 1
e ocip
f 19
g y-gencatlg
942 ## - ADDED ENTRY ELEMENTS (KOHA)
Source of classification or shelving scheme
Item type Books
Holdings
Withdrawn status Lost status Source of classification or shelving scheme Damaged status Not for loan Collection code Permanent location Current location Shelving location Date acquired Total Checkouts Full call number Barcode Date last seen Price effective from Koha item type
          Koleksioni i përgjithshem UBT - Lipjan UBT - Lipjan Koleksioni i përgjithshem 08/14/2018   618.928 KAZ 002-3011789 08/14/2018 08/14/2018 Books
UBT Library © 2015-2024. All rights reserved University Education for Business and Technology